000 00490nam a2200193 b 4500
001 00000000106035
003 OSt
005 20130620141830.0
008 020226s1955 arg 000 1 spa d
040 _aZA-BP
_cBMC
082 _aVe863.44
100 1 _aGallegos, Rómulo
_9132
_d1884-1969
245 1 3 _aLa trepadora
_cRómulo Gallegos
250 _a4ª ed
260 _aBuenos Aires
_bEspasa-Calpe Argentina
_c1948
300 _a236 p.
_c18 cm
490 _aAustral
_v338
942 _2ddc
_cBK
999 _c227
_d227